000 00991nam a2200265 i 4500
001 bg
245 0 _aModelowanie wybranych elementów systemów transportowych /
_c[Mirosława Dąbrowa-Bajon et al.].
260 _aWarszawa :
_bOficyna Wydawnicza Politechniki Warszawskiej,
_c2004.
300 _a90 s. :
_bil. ;
_c24 cm.
490 1 _aPrace Naukowe. Transport / Politechnika Warszawska,
_x1230-9265 ;
_vz. 53
500 _aOpis wg okładki.
504 _aBibliogr. przy pracach.
650 9 _aKolejnictwo
_xautomatyzacja
650 9 _aKolejowa służba ruchu
_xorganizacja
_xoprogramowanie
650 9 _aSystemy informatyczne
_xstosowanie
_xtransport
650 9 _aTransport
_xorganizacja
650 9 _aModele
_xstosowanie
_xtransport
700 1 _aDĄBROWA-BAJON, Mirosława
830 0 _aPrace Naukowe. Transport (Politechnika Warszawska) ;
_vz. 53
040 _cBPK
041 0 _apol
_beng
080 _a656.2:681.5:004
942 _cKS
008 s pl f |000 0 pol
999 _c44163
_d44163
856 _uhttp://koha.tu.koszalin.pl/cgi-bin/koha/opac-detail.pl?biblionumber=44163
_yKatalog online BPK